00553nam a22001817a 450000500170000001000150001702000260003203500140005803700130007208200170008510000210010224500620012326000390018527000560022430000200028050000500030070000210035020171214145105.0 aENG-121879 a9788192215136c600.00 aEN-105411 bDBAD/PUB a305.56880954 aTomar,Manoharlal aDalit and politics in modern India /cby Manoharlal Tomar aNew DelhibAvni publicationsc2012 aRZ-40-D,gali no.2,main Sagar purbNew Delhie110046 a264p.c23cm(Hb) aIncludes bibliographical references and index aTomar,Manoharlal